00746nam a2200205Ia 4500001000900000003000500009005001700014008004100031010001100072040000900083082001900092100003400111245020400145260003200349300001700381650003300398650003500431650003900466650003500505dia_2840CHAP20230508111531.0220117s1965 xx 000 0 und d a173340 cCHAP a664.8 S67 1965 aSoroa y Pineda, José Ma. de aIndustrias transformadoras de frutas y hortalizas : jugos, concentrados, purés, cremas, jarabes, jaleas, mermeladas y confituras, esencias, pectina y subproductos /c José Ma. de Soroa y Pineda aEspaña :b Dossat,c1965 aviii, 303 p. aFruitsxIndustry and trade  aFrutasxIndustria y comercio  aHortalizasxIndustria y comercio  aVegetablesxIndustry and trade